000 00462nam a2200145Ia 4500
008 220216s9999 xx 000 0 und d
100 _aVarghese L
245 0 _aPreservation of field coagulum by treatment with formalin
260 _bIRRDB Symposium: Challenges for Natural Rubber in Globalization, 15-17 September 2003, Ching Mai, Thailand
650 _aField coagulum
650 _aFormalin
700 _a
_Mathew N M
700 _aThomas K T
942 _cJS
999 _c65647
_d65647